Country Doubles II Quiz Stats

 Plays Quiz Updated Oct 24, 2018

Support Sporcle.
Go Orange.
Score 0/20 Timer 07:00
12 Plays Today
1st 2 Letters Country Double % Correct
Au-Australia, Austria
91.2%
In-India, Indonesia
88%
Al-Albania, Algeria
83.3%
Sl-Slovakia, Slovenia
83%
Fi-Fiji, Finland
77.4%
Ar-Argentina, Armenia
74.4%
Ja-Jamaica, Japan
72.6%
Po-Poland, Portugal
69%
Gr-Greece, Grenada
63%
La-Laos, Latvia
62%
1st 2 Letters Country Double % Correct
Do-Dominica, Dominican Republic
60.5%
Br-Brazil, Brunei
59.7%
Va-Vanuatu, Vatican City
59.6%
Su-Sudan, Suriname
58.1%
To-Togo, Tonga
56.5%
Le-Lebanon, Lesotho
55.5%
Na-Namibia, Nauru
51.4%
De-Dem. Rep. of the Congo, Denmark
49%
Ge-Georgia, Germany
46.4%
Si-Sierra Leone, Singapore
28.8%

You're not logged in!

Compare scores with friends on all Sporcle quizzes.
OR
Log In

From the Vault

Dominican Baseball Players

by SporcleEXP

We're still no good at baseball, though. We'll live vicariously through them.
Remove Ads.
Support Sporcle.
Get the best of Sporcle when you Go Orange. This ad-free experience offers more features, more stats, and more fun while also helping to support Sporcle. Thank you for becoming a member.

Show Comments

Extras

Top Quizzes Today


Score Distribution

Your Account Isn't Verified!

In order to create a playlist on Sporcle, you need to verify the email address you used during registration. Go to your Sporcle Settings to finish the process.

Report this User

Report this user for behavior that violates our Community Guidelines.

Details: